[Event "Titled Tuesday intern op 11th Mar Late"]
[Site "Chess.com INT"]
[Date "2025.03.11"]
[Round "1"]
[White "Montero Martinez, Cristian"]
[Black "Slugin, Sergey"]
[Result "0-1"]
[WhiteElo "2028"]
[BlackElo "2336"]
[PlyCount "74"]
[EventDate "2025.03.11"]
[EventType "swiss (blitz)"]
[EventRounds "11"]
[EventCountry "USA"]
[SourceTitle "CB12_2025"]
[SourceDate "2025.03.19"]
[SourceVersion "1"]
[SourceVersionDate "2025.03.19"]
[SourceQuality "1"]

1. e4 c5 2. Nf3 Nc6 3. d3 e6 4. g3 d5 5. Nbd2 Nf6 6. Bg2 Bd6 7. 0-0 0-0 8. Re1 Qc7 9. c3 Bd7 10. Qe2 dxe4 11. dxe4 Be7 12. Nc4 b5 13. Bf4 Qb7 14. Nd6 Bxd6 15. Bxd6 Rfc8 16. Bxc5 Na5 17. Be7 Ne8 18. Rad1 Bc6 19. Bb4 Nc4 20. b3 Nb6 21. Bc5 a5 22. Qe3 Nd7 23. Ba3 b4 24. Bb2 bxc3 25. Bxc3 a4 26. b4 Bxe4 27. Ba1 Bd5 28. Nh4 Bxg2 29. Nxg2 Ndf6 30. Nf4 Qxb4 31. h3 h6 32. Rd4 Qc5 33. Red1 e5 34. Nd3 exd4 35. Bxd4 Qf5 36. g4 Nxg4 37. hxg4 Qxg4+ 0-1

[Event "Titled Tuesday intern op 11th Mar Late"]
[Site "Chess.com INT"]
[Date "2025.03.11"]
[Round "8"]
[White "Slugin, Sergey"]
[Black "Rosen, Eric S"]
[Result "1-0"]
[WhiteElo "2336"]
[BlackElo "2377"]
[PlyCount "159"]
[EventDate "2025.03.11"]
[EventType "swiss (blitz)"]
[EventRounds "11"]
[EventCountry "USA"]
[SourceTitle "CB12_2025"]
[SourceDate "2025.03.19"]
[SourceVersion "1"]
[SourceVersionDate "2025.03.19"]
[SourceQuality "1"]

1. e4 e5 2. Nc3 Nf6 3. Bc4 Nc6 4. d3 Na5 5. Bb3 Bc5 6. f4 d6 7. Nf3 Nxb3 8. axb3 c6 9. fxe5 dxe5 10. Qe2 Bg4 11. Be3 Bd4 12. 0-0 Qb6 13. Bxd4 exd4 14. Na4 Qc7 15. e5 Nd7 16. e6 Bxe6 17. Nxd4 0-0-0 18. Nxe6 fxe6 19. Qxe6 Rhe8 20. Qg4 Re7 21. Nc5 Kb8 22. Nxd7+ Rexd7 23. Rae1 a6 24. h3 Qd6 25. Qf4 Qxf4 26. Rxf4 Kc7 27. Rfe4 Rf8 28. Re7 Kd6 29. R1e6+ Kc7 30. d4 Rf5 31. Re5 Rf4 32. c3 h6 33. b4 Rf6 34. h4 Kd6 35. Re8 Rdf7 36. Rd8+ Kc7 37. Rde8 Rf1+ 38. Kh2 R1f2 39. R8e7+ Kd6 40. Rxf7 Rxf7 41. Kg3 Rf1 42. Re2 Rf6 43. Kg4 Rg6+ 44. Kh3 Rf6 45. g4 Rf7 46. Kg3 Kd5 47. g5 h5 48. b3 Kd6 49. c4 Kd7 50. Re5 Kd6 51. c5+ Kd7 52. d5 cxd5 53. Rxd5+ Kc6 54. Rd6+ Kc7 55. Rb6 Re7 56. Rg6 Rf7 57. Re6 Kd7 58. Rb6 Kc7 59. g6 Rd7 60. Kf4 Rd3 61. Kg5 Rxb3 62. Kxh5 Rg3 63. Re6 Rg2 64. Re7+ Kc6 65. Rxg7 a5 66. bxa5 Rb2 67. Rf7 Rg2 68. g7 Kxc5 69. Rxb7 Kc4 70. a6 Kd3 71. a7 Ke2 72. a8Q Kf1 73. Qf8+ Kg1 74. g8Q Kh2 75. Qxg2+ Kxg2 76. Qf4 Kh3 77. Rb3+ Kg2 78. Qf3+ Kg1 79. Rb1+ Kh2 80. Rh1# 1-0

[Event "Titled Tuesday intern op 25th Feb Early"]
[Site "Chess.com INT"]
[Date "2025.02.25"]
[Round "10"]
[White "Slugin, Sergey"]
[Black "Rodriguez Avila, Alvaro"]
[Result "0-1"]
[WhiteElo "2336"]
[BlackElo "2260"]
[PlyCount "124"]
[EventDate "2025.02.25"]
[EventType "swiss (blitz)"]
[EventRounds "11"]
[EventCountry "USA"]
[SourceTitle "CB10_2025"]
[SourceDate "2025.03.05"]
[SourceVersion "1"]
[SourceVersionDate "2025.03.05"]
[SourceQuality "1"]

1. e4 c5 2. Nf3 g6 3. c3 Bg7 4. d4 cxd4 5. cxd4 d5 6. e5 Bg4 7. Bb5+ Nc6 8. Bxc6+ bxc6 9. Nbd2 Qa5 10. 0-0 Nh6 11. h3 Bxf3 12. Qxf3 Nf5 13. Nb3 Qb6 14. Rd1 h5 15. Bg5 a5 16. Qc3 0-0 17. Nc5 Ra7 18. b3 Rb8 19. Rac1 Qb4 20. g4 hxg4 21. hxg4 Nh6 22. f3 f6 23. exf6 exf6 24. Bf4 Re8 25. Qxb4 axb4 26. Na4 Re6 27. Rc2 f5 28. Bxh6 Bxh6 29. Nc5 Ree7 30. Nd3 Be3+ 31. Kg2 fxg4 32. fxg4 Reb7 33. Ne5 Ra6 34. Nxg6 Rba7 35. Kf3 Bg5 36. Ne5 Rxa2 37. Rxa2 Rxa2 38. Nxc6 Rb2 39. Rd3 Bd2 40. Ne7+ Kf7 41. Nxd5 Bc3 42. Nxc3 Rxb3 43. Ke4 bxc3 44. Rd1 c2 45. Rc1 Rc3 46. d5 Ke7 47. Ke5 Kd7 48. g5 Ke7 49. g6 Re3+ 50. Kf4 Rd3 51. Rxc2 Rxd5 52. Rc6 Kf8 53. Ke4 Ra5 54. Rc7 Kg8 55. Kf4 Rb5 56. Rf7 Rd5 57. Re7 Rb5 58. Kg4 Rc5 59. Rf7 Rb5 60. Rf5 Rb6 61. Kg5 Rb1 62. Rb5 Rxb5+ 0-1

[Event "Titled Tuesday intern op 25th Feb Early"]
[Site "Chess.com INT"]
[Date "2025.02.25"]
[Round "6"]
[White "Slugin, Sergey"]
[Black "Sahin, Zeynep Duru"]
[Result "1-0"]
[WhiteElo "2336"]
[BlackElo "1794"]
[PlyCount "77"]
[EventDate "2025.02.25"]
[EventType "swiss (blitz)"]
[EventRounds "11"]
[EventCountry "USA"]
[SourceTitle "CB10_2025"]
[SourceDate "2025.03.05"]
[SourceVersion "1"]
[SourceVersionDate "2025.03.05"]
[SourceQuality "1"]

1. e4 d6 2. d4 Nf6 3. Nc3 e5 4. Nf3 Nbd7 5. Bc4 Be7 6. 0-0 0-0 7. Re1 a6 8. a4 b6 9. Bg5 Bb7 10. dxe5 Nxe5 11. Nxe5 dxe5 12. Qe2 h6 13. Bh4 g5 14. Bg3 Bd6 15. h4 g4 16. Rad1 Qe7 17. Nd5 Nxd5 18. Qxg4+ Kh7 19. Bxd5 Bxd5 20. Rxd5 f6 21. Qf5+ Kh8 22. f4 Rg8 23. fxe5 Bc5+ 24. Bf2 Bxf2+ 25. Kxf2 Raf8 26. e6 Qb4 27. Rd7 Rg7 28. Re2 Rfg8 29. Rxg7 Rxg7 30. Qxf6 Qc5+ 31. Kf1 Kg8 32. Rf2 Qe3 33. Qf4 Qd4 34. Rd2 Qxb2 35. Rd8+ Kh7 36. Qf5+ Rg6 37. Rd7+ Kh8 38. Qf8+ Rg8 39. Qxh6# 1-0

[Event "Titled Tuesday intern op 11th Feb Early"]
[Site "Chess.com INT"]
[Date "2025.02.11"]
[Round "5"]
[White "Slugin, Sergey"]
[Black "Vedant, Nitin Vekhande"]
[Result "1-0"]
[WhiteElo "2336"]
[BlackElo "2167"]
[PlyCount "175"]
[EventDate "2025.02.11"]
[EventType "swiss (blitz)"]
[EventRounds "11"]
[EventCountry "USA"]
[SourceTitle "CB08_2025"]
[SourceDate "2025.02.19"]
[SourceVersion "1"]
[SourceVersionDate "2025.02.19"]
[SourceQuality "1"]

1. d4 Nf6 2. Bg5 Ne4 3. Bf4 d5 4. e3 c5 5. Bd3 Nc6 6. Bxe4 dxe4 7. d5 Nb4 8. Nc3 e6 9. dxe6 Bxe6 10. Qe2 Qa5 11. a3 a6 12. 0-0-0 Na2+ 13. Nxa2 Bxa2 14. Be5 Be6 15. Nh3 f6 16. Nf4 Bf7 17. Bc3 Qc7 18. Qg4 h5 19. Qf5 Qc6 20. Nd5 Bxd5 21. Rxd5 Kf7 22. Rhd1 Re8 23. Rd7+ Kg8 24. Qg6 Re7 25. Rd8 Rh6 26. Qf5 Kf7 27. R1d7 Qe6 28. Qxe6+ Kxe6 29. Rd1 Rf7 30. Rb8 g5 31. h3 Bd6 32. Rc8 Kd7 33. Rg8 Kc6 34. Re8 Kd7 35. Ra8 Kc6 36. Re8 Kd7 37. Rxe4 f5 38. Re5 Kc6 39. Red5 Bc7 40. Be5 Re6 41. Bxc7 Kxc7 42. Rxc5+ Kb6 43. Rcd5 f4 44. Rd6+ Rxd6 45. Rxd6+ Kc7 46. Rd1 fxe3 47. fxe3 Rf2 48. Rg1 Re2 49. Kd1 Rxe3 50. Kd2 Rg3 51. Ke2 h4 52. Kf2 g4 53. hxg4 Rxg4 54. Rh1 Rc4 55. c3 Kd6 56. Rh3 Ke5 57. Ke3 Re4+ 58. Kd3 Kf5 59. Rf3+ Rf4 60. Rxf4+ Kxf4 61. Ke2 Kg3 62. Kf1 h3 63. gxh3 Kxh3 64. Kf2 Kg4 65. Ke3 Kf5 66. Kd4 Ke6 67. Kc5 Kd7 68. Kb6 Kc8 69. c4 Kb8 70. c5 Ka8 71. b4 Kb8 72. a4 Kc8 73. Ka7 Kc7 74. b5 axb5 75. axb5 Kc8 76. b6 Kd7 77. Kxb7 Ke6 78. c6 Kd5 79. c7 Ke4 80. c8Q Kd3 81. Kc7 Ke3 82. b7 Ke2 83. b8Q Ke1 84. Qd7 Kf1 85. Qbe8 Kg1 86. Qdf7 Kh1 87. Qeg8 Kh2 88. Qfh7# 1-0

[Event "Titled Tuesday intern op 11th Feb Early"]
[Site "Chess.com INT"]
[Date "2025.02.11"]
[Round "2"]
[White "Suyarov, Mukhammadzokhid"]
[Black "Slugin, Sergey"]
[Result "1-0"]
[WhiteElo "2465"]
[BlackElo "2336"]
[PlyCount "91"]
[EventDate "2025.02.11"]
[EventType "swiss (blitz)"]
[EventRounds "11"]
[EventCountry "USA"]
[SourceTitle "CB09_2025"]
[SourceDate "2025.02.27"]
[SourceVersion "1"]
[SourceVersionDate "2025.02.27"]
[SourceQuality "1"]

1. e4 c5 2. Nf3 Nc6 3. g3 g6 4. Bg2 Bg7 5. 0-0 e5 6. Nc3 Nge7 7. d3 0-0 8. h4 d6 9. Bg5 f6 10. Be3 Be6 11. Nd2 b6 12. f4 d5 13. exd5 Nxd5 14. Nxd5 Bxd5 15. f5 gxf5 16. Rxf5 Bxg2 17. Kxg2 Ne7 18. Rf1 Qd5+ 19. Qf3 Rad8 20. h5 Qd6 21. h6 Bh8 22. Qg4+ Ng6 23. Ne4 Qd7 24. Rf5 Rf7 25. Raf1 Rdf8 26. Qh5 Qc6 27. Kh2 c4 28. Qg4 cxd3 29. cxd3 Qc2+ 30. Nf2 Qxb2 31. Qc4 Ne7 32. Rh5 f5 33. Rg5+ Ng6 34. Rxf5 b5 35. Qe6 Qe2 36. Kg2 Qxe3 37. Rxf7 Rxf7 38. Ng4 Qe2+ 39. Rf2 Nf4+ 40. gxf4 Qxd3 41. fxe5 Qe4+ 42. Kg3 Bxe5+ 43. Qxe5 Qd3+ 44. Kh4 Qd8+ 45. Nf6+ Kh8 46. Kh5 1-0

[Event "Titled Tuesday intern op 04th Feb Early"]
[Site "Chess.com INT"]
[Date "2025.02.04"]
[Round "6"]
[White "Kosakowski, Jakub"]
[Black "Slugin, Sergey"]
[Result "1-0"]
[WhiteElo "2511"]
[BlackElo "2336"]
[PlyCount "85"]
[EventDate "2025.02.04"]
[EventType "swiss (blitz)"]
[EventRounds "11"]
[EventCountry "USA"]
[SourceTitle "CB07_2025"]
[SourceDate "2025.02.12"]
[SourceVersion "1"]
[SourceVersionDate "2025.02.12"]
[SourceQuality "1"]

1. e4 c5 2. Nf3 Nc6 3. Bc4 d6 4. 0-0 Nf6 5. Re1 g6 6. c3 Bg7 7. d4 cxd4 8. cxd4 0-0 9. Nc3 a6 10. h3 b5 11. Bb3 Na5 12. Bc2 Bb7 13. d5 Nd7 14. Nd4 Rc8 15. a4 b4 16. Nce2 Qb6 17. b3 Rxc2 18. Nxc2 Bxa1 19. Nxa1 Rc8 20. Be3 Nc5 21. Nd4 Qc7 22. f3 e5 23. dxe6 fxe6 24. Bf2 d5 25. exd5 Bxd5 26. Qd2 Naxb3 27. Naxb3 Nxb3 28. Nxb3 Bxb3 29. Qxb4 Bd5 30. a5 Qc4 31. Qe7 Qc7 32. Qf6 Qg7 33. Qh4 Qc3 34. Bd4 Qxa5 35. Qf6 Qxe1+ 36. Kh2 Rc7 37. Qd8+ Kf7 38. Qxc7+ Ke8 39. Qc8+ Kf7 40. Qd7+ Kf8 41. Bc5+ Kg8 42. Qe8+ Kg7 43. Qf8# 1-0

[Event "Titled Tuesday intern op 04th Feb Early"]
[Site "Chess.com INT"]
[Date "2025.02.04"]
[Round "9"]
[White "Toczek, Grzegorz"]
[Black "Slugin, Sergey"]
[Result "0-1"]
[WhiteElo "2237"]
[BlackElo "2336"]
[PlyCount "74"]
[EventDate "2025.02.04"]
[EventType "swiss (blitz)"]
[EventRounds "11"]
[EventCountry "USA"]
[SourceTitle "CB07_2025"]
[SourceDate "2025.02.12"]
[SourceVersion "1"]
[SourceVersionDate "2025.02.12"]
[SourceQuality "1"]

1. e4 c5 2. Ne2 Nc6 3. g3 g6 4. Bg2 Bg7 5. c3 e5 6. 0-0 Nge7 7. d4 cxd4 8. cxd4 exd4 9. Bf4 d5 10. e5 Nxe5 11. Nxd4 0-0 12. Nc3 a6 13. Re1 N5c6 14. Nb3 d4 15. Ne4 Nd5 16. Bg5 Qc7 17. Rc1 Bf5 18. Nec5 Ndb4 19. a3 Na2 20. Ra1 Nc3 21. bxc3 dxc3 22. Qc1 Rfe8 23. Rxe8+ Rxe8 24. Bh6 Be5 25. Ra2 Bh8 26. Bf4 Qe7 27. Be3 Qc7 28. Bf4 Be5 29. Re2 Re7 30. Bxe5 Rxe5 31. Rxe5 Qxe5 32. Nxb7 Nd4 33. Nxd4 Qxd4 34. Na5 c2 35. Nb3 Qd1+ 36. Bf1 Bd3 37. Qd2 Qxf1# 0-1

[Event "Titled Tuesday intern op 28th Jan Early"]
[Site "Chess.com INT"]
[Date "2025.01.28"]
[Round "2"]
[White "Ferreira, Enzo Suzarte"]
[Black "Slugin, Sergey"]
[Result "0-1"]
[WhiteElo "2076"]
[BlackElo "2336"]
[PlyCount "90"]
[EventDate "2025.01.28"]
[EventType "swiss (blitz)"]
[EventRounds "11"]
[EventCountry "USA"]
[SourceTitle "CB06_2025"]
[SourceDate "2025.02.05"]
[SourceVersion "1"]
[SourceVersionDate "2025.02.05"]
[SourceQuality "1"]

1. c4 g6 2. d4 Bg7 3. Nc3 Nf6 4. e4 0-0 5. Nf3 d6 6. h3 e5 7. dxe5 dxe5 8. Qxd8 Rxd8 9. Bg5 c6 10. Nxe5 Re8 11. 0-0-0 Na6 12. Nf3 Nc5 13. e5 Nfd7 14. b4 Ne6 15. Be3 Nxe5 16. Nxe5 Bxe5 17. Kc2 f5 18. g3 f4 19. gxf4 Nxf4 20. h4 Bf5+ 21. Kb3 a5 22. b5 a4+ 23. Kb4 cxb5 24. Nxb5 Ne6 25. Bd3 Bg4 26. Rc1 Bf3 27. Rhg1 Bc6 28. h5 Nf4 29. Bxf4 Bxf4 30. hxg6 Bxc1 31. gxh7+ Kh8 32. Rxc1 Be4 33. Bxe4 Rxe4 34. Kc5 Kxh7 35. Nd6 Re2 36. Nxb7 Rxa2 37. Kc6 a3 38. c5 Rxf2 39. Ra1 a2 40. Nd6 Rb2 41. Kd7 Rb1 42. Rxa2 Rxa2 43. c6 Rd2 44. c7 Rc1 45. c8Q Rxd6+ 0-1

[Event "Titled Tuesday intern op 28th Jan Early"]
[Site "Chess.com INT"]
[Date "2025.01.28"]
[Round "6"]
[White "Papasimakopoulos, Alexandros"]
[Black "Slugin, Sergey"]
[Result "1/2-1/2"]
[WhiteElo "2379"]
[BlackElo "2336"]
[PlyCount "117"]
[EventDate "2025.01.28"]
[EventType "swiss (blitz)"]
[EventRounds "11"]
[EventCountry "USA"]
[SourceTitle "CB06_2025"]
[SourceDate "2025.02.05"]
[SourceVersion "1"]
[SourceVersionDate "2025.02.05"]
[SourceQuality "1"]

1. d4 Nf6 2. c4 c5 3. d5 b5 4. Nf3 Bb7 5. a4 b4 6. b3 d6 7. Bb2 e5 8. dxe6 fxe6 9. Nbd2 Be7 10. g3 0-0 11. Bh3 e5 12. 0-0 Bc8 13. Bg2 Bb7 14. Ng5 Bxg2 15. Kxg2 Qd7 16. Nde4 Nc6 17. Nxf6+ Bxf6 18. Qd5+ Kh8 19. Ne4 Rad8 20. Rad1 Nd4 21. Rd3 Nxe2 22. Nxc5 Qg4 23. Ne6 Nf4+ 24. Nxf4 exf4 25. Bxf6 Rxf6 26. f3 Qg6 27. Re1 fxg3 28. hxg3 h6 29. Qe4 Qf7 30. Qe7 Qg8 31. Qxa7 d5 32. Red1 Ra8 33. Qd4 dxc4 34. Qxc4 Qxc4 35. bxc4 Rxa4 36. Rb3 Rb6 37. c5 Rc6 38. Rc1 Ra5 39. Rxb4 Raxc5 40. Re1 Kh7 41. Re7 Rc7 42. Rxc7 Rxc7 43. Kh3 Rc5 44. Kh4 Kg6 45. Rb6+ Kh7 46. g4 Rc1 47. f4 g5+ 48. fxg5 Rh1+ 49. Kg3 hxg5 50. Kf3 Rf1+ 51. Kg3 Rf4 52. Rc6 Ra4 53. Rb6 Ra3+ 54. Kf2 Ra4 55. Kf3 Rf4+ 56. Kg3 Ra4 57. Kf3 Rf4+ 58. Kg3 Ra4 59. Kf3 1/2-1/2

[Event "Titled Tuesday intern op 28th Jan Early"]
[Site "Chess.com INT"]
[Date "2025.01.28"]
[Round "9"]
[White "Slugin, Sergey"]
[Black "Gustafsson, Jan"]
[Result "0-1"]
[WhiteElo "2336"]
[BlackElo "2598"]
[PlyCount "62"]
[EventDate "2025.01.28"]
[EventType "swiss (blitz)"]
[EventRounds "11"]
[EventCountry "USA"]
[SourceTitle "CB06_2025"]
[SourceDate "2025.02.05"]
[SourceVersion "1"]
[SourceVersionDate "2025.02.05"]
[SourceQuality "1"]

1. e4 e5 2. Nf3 Nc6 3. Bb5 a6 4. Ba4 Nf6 5. 0-0 Be7 6. Re1 b5 7. Bb3 0-0 8. h3 Bb7 9. d3 Na5 10. Nxe5 Nxb3 11. axb3 d5 12. exd5 Qxd5 13. Nf3 Rfe8 14. Nc3 Qf5 15. Nd4 Qg6 16. Nf3 Bd6 17. Be3 Qh5 18. Nd4 Qe5 19. Nf3 Qf5 20. Nd4 Qd7 21. Nf3 h6 22. Bd4 Rxe1+ 23. Nxe1 Qf5 24. Bxf6 Qxf6 25. Qg4 Re8 26. Nf3 b4 27. Ne4 Qxb2 28. Re1 Bxe4 29. Rxe4 Qc1+ 30. Ne1 Qxe1+ 31. Rxe1 Rxe1# 0-1

[Event "Titled Tuesday intern op 14th Jan Early"]
[Site "Chess.com INT"]
[Date "2025.01.14"]
[Round "11"]
[White "Lantini, Marco"]
[Black "Slugin, Sergey"]
[Result "0-1"]
[WhiteElo "1931"]
[BlackElo "2336"]
[PlyCount "96"]
[EventDate "2025.01.14"]
[EventType "swiss (blitz)"]
[EventRounds "11"]
[EventCountry "USA"]
[SourceTitle "CB04_2025"]
[SourceDate "2025.01.22"]
[SourceVersion "1"]
[SourceVersionDate "2025.01.22"]
[SourceQuality "1"]

1. e4 a6 2. d4 b5 3. Nf3 Bb7 4. Bd3 e6 5. 0-0 Be7 6. c3 Nf6 7. Re1 c5 8. Nbd2 d6 9. Qe2 Nbd7 10. e5 dxe5 11. dxe5 Nd5 12. Ne4 Qc7 13. Ng3 c4 14. Be4 Nc5 15. Rd1 Rd8 16. Be3 Nxc3 17. Rxd8+ Qxd8 18. bxc3 Nxe4 19. Nxe4 Bxe4 20. Bd4 Bd5 21. a4 0-0 22. axb5 axb5 23. h3 b4 24. cxb4 Bxb4 25. Rd1 Qc8 26. Ng5 Qc6 27. Qc2 g6 28. Rb1 Be7 29. Qd2 c3 30. Qf4 c2 31. Rc1 Ba3 32. Be3 Bxc1 33. Bxc1 Qc4 34. Qf6 Qd4 35. Ba3 c1Q+ 36. Bxc1 Qd1+ 37. Kh2 Qxc1 38. h4 Qc2 39. h5 Qf5 40. g4 Qxf6 41. exf6 Ra8 42. h6 Ra2 43. Kg3 e5 44. f3 Ra3 45. Kf2 Ra6 46. Kg3 Rxf6 47. Kf2 Bxf3 48. Nxf3 e4 0-1

[Event "Titled Tuesday intern op 14th Jan Early"]
[Site "Chess.com INT"]
[Date "2025.01.14"]
[Round "1"]
[White "Vianello, Enrico"]
[Black "Slugin, Sergey"]
[Result "0-1"]
[WhiteElo "2038"]
[BlackElo "2336"]
[PlyCount "94"]
[EventDate "2025.01.14"]
[EventType "swiss (blitz)"]
[EventRounds "11"]
[EventCountry "USA"]
[SourceTitle "CB04_2025"]
[SourceDate "2025.01.22"]
[SourceVersion "1"]
[SourceVersionDate "2025.01.22"]
[SourceQuality "1"]

1. b3 e5 2. Bb2 Nc6 3. g3 d6 4. Bg2 Nge7 5. d3 g6 6. e4 Bg7 7. Ne2 0-0 8. 0-0 f5 9. f4 Be6 10. Nd2 Qd7 11. Nf3 fxe4 12. dxe4 Rad8 13. Ng5 Rde8 14. Nxe6 Qxe6 15. Qd2 Rd8 16. c4 Nb8 17. Rad1 c6 18. Qc2 Na6 19. a3 Nc5 20. b4 Na6 21. Rd2 exf4 22. gxf4 Bxb2 23. Qxb2 d5 24. cxd5 cxd5 25. e5 Nf5 26. Nd4 Qb6 27. Kh1 Ne3 28. Rf3 Nc4 29. Qa2 Nxd2 30. Qxd2 Nc7 31. Rd3 Kh8 32. Bh3 Rde8 33. Ne2 Qf2 34. Bg2 Ne6 35. Rf3 Qb6 36. Qxd5 Rd8 37. Qb3 Nd4 38. Nxd4 Qxd4 39. e6 Rde8 40. Bh3 Rxf4 41. Rxf4 Qxf4 42. Qc3+ Kg8 43. Bg2 Rxe6 44. Qc8+ Kf7 45. Qxb7+ Re7 46. Qd5+ Kg7 47. h3 Re1+ 0-1

[Event "Titled Tuesday intern op 24th Sep Early"]
[Site "Chess.com INT"]
[Date "2024.09.24"]
[Round "4"]
[White "Lagno, Kateryna"]
[Black "Slugin, Sergey"]
[Result "0-1"]
[WhiteElo "2527"]
[BlackElo "2336"]
[PlyCount "66"]
[EventDate "2024.09.24"]
[EventType "swiss (blitz)"]
[EventRounds "11"]
[EventCountry "USA"]
[SourceTitle "EXT 2025"]
[Source "ChessBase"]
[SourceDate "2024.10.14"]
[SourceVersion "1"]
[SourceVersionDate "2024.10.14"]
[SourceQuality "1"]

1. e4 c6 2. d4 d5 3. e5 Bf5 4. Nf3 e6 5. Be2 Nd7 6. 0-0 a6 7. c3 h6 8. a4 g5 9. Na3 Ne7 10. Nc2 Bg7 11. Ne3 Bg6 12. h4 Nf5 13. hxg5 hxg5 14. Ng4 Rh5 15. Bd2 Qe7 16. g3 0-0-0 17. Kg2 Rdh8 18. b4 Nh6 19. Nxh6 R8xh6 20. g4 Rh3 21. Bxg5 Qxg5 22. Nxg5 Rh2+ 23. Kg3 f6 24. exf6 Bxf6 25. f4 Bxg5 26. fxg5 R6h3+ 27. Kf4 e5+ 28. dxe5 Nf8 29. e6 Nxe6+ 30. Ke5 Re3+ 31. Kf6 Be8 32. Bd3 Rh8 33. Bf5 Kd7 0-1

[Event "Titled Tuesday intern op 09th Jul Late"]
[Site "Chess.com INT"]
[Date "2024.07.09"]
[Round "9"]
[White "Bold, Andre"]
[Black "Slugin, Sergey"]
[Result "1-0"]
[WhiteElo "2215"]
[BlackElo "2336"]
[PlyCount "75"]
[EventDate "2024.07.09"]
[EventType "swiss (blitz)"]
[EventRounds "11"]
[EventCountry "USA"]
[SourceTitle "EXT 2025"]
[Source "ChessBase"]
[SourceDate "2024.10.14"]
[SourceVersion "1"]
[SourceVersionDate "2024.10.14"]
[SourceQuality "1"]

1. d4 Nf6 2. Nf3 g6 3. g3 Bg7 4. Bg2 0-0 5. 0-0 d6 6. b3 c5 7. dxc5 Ne4 8. c3 Nxc5 9. Bb2 Nc6 10. Qc1 Bd7 11. c4 Bxb2 12. Qxb2 a5 13. Nc3 Rb8 14. a4 Ne6 15. Rad1 Nb4 16. Nd4 Nxd4 17. Rxd4 Qb6 18. Rfd1 Rbc8 19. Qa1 Nc2 20. Nd5 Qd8 21. Qc3 Nxd4 22. Qxd4 Bc6 23. h4 Bxd5 24. Bxd5 b6 25. Rd3 e6 26. Bf3 d5 27. cxd5 exd5 28. Bxd5 Qe7 29. e4 Rc1+ 30. Kg2 Rfc8 31. Rf3 Rf8 32. Qxb6 Qe5 33. Qf6 Qxf6 34. Rxf6 Rb8 35. Rxf7 Kh8 36. Ra7 Rc2 37. Rxa5 Rf8 38. Ra8 1-0

[Event "Titled Tuesday intern op 09th Jul Late"]
[Site "Chess.com INT"]
[Date "2024.07.09"]
[Round "2"]
[White "Minina, Veronika"]
[Black "Slugin, Sergey"]
[Result "0-1"]
[WhiteElo "2057"]
[BlackElo "2336"]
[PlyCount "40"]
[EventDate "2024.07.09"]
[EventType "swiss (blitz)"]
[EventRounds "11"]
[EventCountry "USA"]
[SourceTitle "EXT 2025"]
[Source "ChessBase"]
[SourceDate "2024.10.14"]
[SourceVersion "1"]
[SourceVersionDate "2024.10.14"]
[SourceQuality "1"]

1. Nf3 Nf6 2. g3 g6 3. Bg2 Bg7 4. 0-0 d6 5. c4 0-0 6. d4 c5 7. Nc3 Nc6 8. b3 Bf5 9. e3 Ne4 10. Bb2 Nxc3 11. Bxc3 Be4 12. Qd2 Qc8 13. Ng5 Bxg2 14. Kxg2 Qf5 15. Nh3 cxd4 16. exd4 Bxd4 17. Bxd4 Qe4+ 18. f3 Qxd4 19. Qh6 Qb2+ 20. Kg1 Qg7 0-1

[Event "Titled Tuesday intern op 09th Jul Late"]
[Site "Chess.com INT"]
[Date "2024.07.09"]
[Round "7"]
[White "Ozalp, Burak"]
[Black "Slugin, Sergey"]
[Result "1/2-1/2"]
[WhiteElo "2127"]
[BlackElo "2336"]
[PlyCount "98"]
[EventDate "2024.07.09"]
[EventType "swiss (blitz)"]
[EventRounds "11"]
[EventCountry "USA"]
[SourceTitle "EXT 2025"]
[Source "ChessBase"]
[SourceDate "2024.10.14"]
[SourceVersion "1"]
[SourceVersionDate "2024.10.14"]
[SourceQuality "1"]

1. e4 c6 2. Nc3 d5 3. Nf3 dxe4 4. Nxe4 Nf6 5. Qe2 Nxe4 6. Qxe4 Qd5 7. Qf4 Qf5 8. Qe3 Nd7 9. Bd3 Qc5 10. 0-0 g6 11. Re1 Bg7 12. c3 Qd6 13. Bc4 Nf6 14. d4 b5 15. Bb3 a5 16. Qe5 Qxe5 17. Nxe5 0-0 18. Nxc6 e6 19. Ne7+ Kh8 20. Nxc8 Rfxc8 21. a3 a4 22. Ba2 Nd7 23. Bf4 Nb6 24. Rad1 Nc4 25. Bxc4 bxc4 26. Be5 Ra6 27. Bxg7+ Kxg7 28. Rd2 Rb6 29. Ree2 Rcb8 30. Kf1 Rb5 31. Ke1 Kf6 32. Kd1 h5 33. h4 Kg7 34. Kc1 Rd8 35. Re5 Rdd5 36. Rde2 Kf6 37. f4 Ke7 38. Rxd5 Rxd5 39. Re5 Kd6 40. Kd2 f6 41. Rxd5+ exd5 42. Ke3 f5 43. Kf3 Ke6 44. Ke3 Kf6 45. Kf2 Ke6 46. Ke2 Kf6 47. Kd2 Ke6 48. Kc1 Kd6 49. g3 Ke7 1/2-1/2

[Event "Titled Tuesday intern op 02nd Jul Early"]
[Site "Chess.com INT"]
[Date "2024.07.02"]
[Round "8"]
[White "Bold, Andre"]
[Black "Slugin, Sergey"]
[Result "0-1"]
[WhiteElo "2215"]
[BlackElo "2336"]
[PlyCount "88"]
[EventDate "2024.07.02"]
[EventType "swiss (blitz)"]
[EventRounds "11"]
[EventCountry "USA"]
[SourceTitle "EXT 2025"]
[Source "ChessBase"]
[SourceDate "2024.10.14"]
[SourceVersion "1"]
[SourceVersionDate "2024.10.14"]
[SourceQuality "1"]

1. d4 Nf6 2. Nf3 g6 3. c4 Bg7 4. Nc3 0-0 5. g3 d6 6. Bg2 c5 7. 0-0 Nc6 8. d5 Na5 9. Nd2 a6 10. Qc2 Rb8 11. Rb1 e6 12. b3 b5 13. e4 exd5 14. Nxd5 Nxd5 15. cxd5 Nb7 16. Bb2 Qe7 17. Bxg7 Kxg7 18. Qc3+ Qe5 19. Qxe5+ dxe5 20. f4 Re8 21. Rbc1 Bd7 22. Rfe1 f6 23. Nf3 Rbc8 24. fxe5 fxe5 25. Ng5 h6 26. Bh3 Bxh3 27. Nxh3 Nd6 28. Nf2 c4 29. bxc4 bxc4 30. Rc2 Rb8 31. Ree2 Rb5 32. Rb2 Reb8 33. Rxb5 axb5 34. Kg2 b4 35. Kf3 b3 36. axb3 cxb3 37. Nd3 Rc8 38. Rb2 Nc4 39. Re2 Nd6 40. Rb2 Rc3 41. Ke2 Nxe4 42. Nxe5 Kf6 43. Nc6 Rc2+ 44. Rxc2 bxc2 0-1